Hot & Heavy - Lucy Dacus (Lyrics) - Statistics

General Stats
  • This quiz has been taken 92 times
  • The average score is 268 of 319
Answer Stats
Answer % Correct
a
100%
A
100%
I
100%
in
100%
parents'
100%
parents
100%
the
100%
The
100%
You
100%
you
100%
you?
100%
your
100%
and
98%
And
98%
be
98%
even
98%
face
96%
fire
96%
Heavy
96%
heavy
96%
hot
96%
Hot
96%
me
96%
on
96%
to
96%
my
94%
of
94%
place
94%
basement
92%
could
92%
crowded
92%
firecracker
92%
so
92%
street
92%
sweet
92%
you're
92%
You're
92%
back
90%
that
90%
wanted
90%
Couldn't
88%
couldn't
88%
here
88%
not
88%
Now
88%
used
88%
all
86%
Being
86%
blood
86%
dancer
86%
if
86%
I'm
86%
makes
86%
questions
86%
though
86%
veins
86%
answer
84%
away
84%
floor
84%
had
84%
pulsing
84%
but
82%
come
82%
diamond
82%
How
82%
memories
80%
over
80%
Over
80%
rough?
80%
wouldn't
80%
look
78%
start
78%
walk
78%
brain
76%
deny
76%
knew
76%
were
76%
Asked
74%
hold
74%
it
74%
Led
74%
again
72%
believe
72%
rules
72%
was
72%
bend
70%
enough
70%
overprotected
70%
people
70%
than
70%
Try
70%
Underestimated
70%
When
70%
when
70%
always
68%
miss
68%
myself
68%
stronger
68%
until
68%
best
66%
did
66%
only
66%
trust
66%
weighing
66%
at
64%
calls
64%
caution
64%
let
64%
option
64%
suspected
64%
world
64%
nothing
62%
proceed
62%
with
62%
give
60%
went
60%
wish
58%
offer
56%
gem
52%
happens
52%
hidden
52%
most
52%
eyes
48%
own
48%
wild
48%
can't
46%
secret
44%
biggest
42%
brightest
42%
flame
42%
tamed
42%
from
40%
keep
40%
yourself
40%
anyone
38%
else
38%
are
36%
goldmine
36%
see
36%
bittersweet
32%
wide
32%
ever
30%
It's
30%
better
28%
No matching quizzes found
Score Distribution
Percent of People with Each Score
Percentile by Number Answered
Your Score History
You have not taken this quiz